[Event "26th WSCC 2016 Open 65+"]
[Site "Marianske Lazne, Czech Republic - Hotel Cristal and Continental"]
[Date "2016.11.24"]
[Round "6.115"]
[White "Prammer, Franz"]
[Black "Bohman, Leif"]
[Result "1/2-1/2"]
[WhiteElo "1864"]
[BlackElo "1749"]
[PlyCount "95"]
[EventDate "2016.11.19"]

1. e4 e6 2. Qe2 c5 3. g3 Nc6 4. Nf3 d6 5. Bg2 Nge7 6. O-O g6 7. d3 Bg7 8. c3 a6
9. a4 O-O 10. Re1 Qc7 11. Be3 e5 12. h3 Bd7 13. Na3 Na5 14. Nc4 Nxc4 15. dxc4
a5 16. Qd2 b6 17. Bh6 Nc8 18. b3 Ra7 19. Rad1 Bc6 20. Nh2 Qe7 21. Bxg7 Kxg7 22.
Ng4 f6 23. Kh2 Qf7 24. Nh6 Qe7 25. Ng4 Qf7 26. Ne3 f5 27. exf5 Bxg2 28. Kxg2
gxf5 29. Nd5 Qg6 30. f4 e4 31. Re3 Kh8 32. Kh2 h5 33. Rg1 Qh6 34. Re2 Rg7 35.
h4 Rfg8 36. Ne3 Qe6 37. Qd1 Rh7 38. Rd2 Rh6 39. Qe2 Rgg6 40. Rgd1 Qf7 41. Qg2
Kg8 42. Qh3 Ne7 43. Rb1 Qf6 44. Rc1 Kf7 45. Nd5 Nxd5 46. Rxd5 Rg4 47. Re1 Rhg6
48. Re3 1/2-1/2

[Event "26th WSCC 2016 Open 65+"]
[Site "Marianske Lazne, Czech Republic - Hotel Cristal and Continental"]
[Date "2016.11.24"]
[Round "6.116"]
[White "Brhlik, Antonin"]
[Black "Goetze, Peter"]
[Result "0-1"]
[WhiteElo "1732"]
[BlackElo "1862"]
[PlyCount "112"]
[EventDate "2016.11.19"]

1. e4 d6 2. d4 Nf6 3. Nc3 c6 4. Nf3 Bg4 5. Be2 e6 6. Be3 d5 7. exd5 cxd5 8. a3
a6 9. O-O Nbd7 10. h3 Bh5 11. Bf4 Be7 12. Ne5 Bxe2 13. Qxe2 O-O 14. Rfe1 Nxe5
15. Bxe5 Rc8 16. Bf4 Qb6 17. Nd1 Qxd4 18. Be5 Qc4 19. Qxc4 Rxc4 20. c3 Re4 21.
Rxe4 Nxe4 22. Ne3 Rc8 23. Rd1 b5 24. Nc2 Bc5 25. Bd4 Kf8 26. Kf1 f6 27. Ke2 Ke7
28. Ne3 Nd6 29. Bxc5 Rxc5 30. Rd2 Nc4 31. Nxc4 dxc4 32. Ke3 Re5+ 33. Kf4 g6 34.
Kf3 h5 35. g3 g5 36. Kg2 Rd5 37. Re2 f5 38. Kg1 Kf6 39. Kg2 e5 40. f3 Rd3 41.
Kf2 Ke6 42. Kg2 Kd5 43. Kf2 e4 44. fxe4+ fxe4 45. Kg2 Ke5 46. Rf2 e3 47. Rf8
Rd2+ 48. Kf1 Ke4 49. Re8+ Kd3 50. Ke1 Rxb2 51. Rd8+ Kxc3 52. Ra8 Kd3 53. Rd8+
Ke4 54. g4 hxg4 55. hxg4 Kf3 56. Rf8+ Kxg4 0-1

[Event "26th WSCC 2016 Open 65+"]
[Site "Marianske Lazne, Czech Republic - Hotel Cristal and Continental"]
[Date "2016.11.24"]
[Round "6.117"]
[White "Patola, Eero"]
[Black "Birkestrand, Odd"]
[Result "1-0"]
[WhiteElo "1862"]
[BlackElo "1703"]
[PlyCount "139"]
[EventDate "2016.11.19"]

1. c4 Nf6 2. Nc3 g6 3. e4 d6 4. g3 Bg7 5. Bg2 Nc6 6. Nge2 e5 7. d3 O-O 8. O-O
Be6 9. h3 Qd7 10. Kh2 Ne7 11. Nd5 c6 12. Nxf6+ Bxf6 13. Bh6 Bg7 14. Bxg7 Kxg7
15. f4 f5 16. Qc2 Rad8 17. Qc3 Qc7 18. c5 Kg8 19. cxd6 Qxd6 20. Qxe5 Qxe5 21.
fxe5 c5 22. Nf4 Bc8 23. Rac1 b6 24. h4 Rfe8 25. Rfe1 Ba6 26. Rc3 Bb7 27. Ra3
fxe4 28. Rxa7 Rb8 29. Bxe4 Bxe4 30. Rxe4 Nc6 31. Ra3 Rxe5 32. Rxe5 Nxe5 33. Rb3
Kf7 34. a4 Nf3+ 35. Kg2 Nd4 36. Rc3 Re8 37. Kf2 Re5 38. Rc4 h6 39. b4 g5 40.
hxg5 hxg5 41. Nh3 Kf6 42. bxc5 bxc5 43. Ng1 Rf5+ 44. Kg2 g4 45. a5 Rg5 46. a6
Nc6 47. Ne2 Rg7 48. Rxc5 Nb4 49. Nf4 Ra7 50. Nd5+ Nxd5 51. Rxd5 Rxa6 52. Kf2
Ra2+ 53. Ke3 Rg2 54. Kf4 Ra2 55. Kxg4 Ke6 56. Rd4 Ra5 57. Rf4 Rd5 58. d4 Rd8
59. Kf3 Ra8 60. g4 Kd5 61. g5 Ra3+ 62. Kg4 Ra1 63. Kf5 Ra8 64. g6 Rf8+ 65. Kg5
Rg8 66. Kh6 Rh8+ 67. Kg7 Ra8 68. Kh7 Ra7+ 69. Rf7 Rxf7+ 70. gxf7 1-0

[Event "26th WSCC 2016 Open 65+"]
[Site "Marianske Lazne, Czech Republic - Hotel Cristal and Continental"]
[Date "2016.11.24"]
[Round "6.118"]
[White "Nielsen, Peter"]
[Black "Flockerzi, Armin"]
[Result "0-1"]
[WhiteElo "1713"]
[BlackElo "1860"]
[PlyCount "54"]
[EventDate "2016.11.19"]

1. e4 d6 2. d4 Nf6 3. Nc3 e6 4. Nf3 Be7 5. Bd3 b6 6. Ne2 Bb7 7. Ng3 Nbd7 8. h3
Qc8 9. Be3 c5 10. c3 c4 11. Bc2 Bc6 12. Qe2 b5 13. a4 a6 14. O-O Qb7 15. Bd2
O-O 16. Rfe1 Rfc8 17. b3 cxb3 18. Bxb3 h6 19. Bc2 Bd8 20. Qd3 Nf8 21. Bxh6 gxh6
22. Qe3 Kg7 23. e5 dxe5 24. dxe5 N6h7 25. Nh5+ Kh8 26. Qxh6 f5 27. Ng5 Bxg5 0-1

[Event "26th WSCC 2016 Open 65+"]
[Site "Marianske Lazne, Czech Republic - Hotel Cristal and Continental"]
[Date "2016.11.24"]
[Round "6.119"]
[White "Kummer, Heinz"]
[Black "Bobbia, Mario"]
[Result "1/2-1/2"]
[WhiteElo "1702"]
[BlackElo "1850"]
[PlyCount "39"]
[EventDate "2016.11.19"]

1. e4 c5 2. Nf3 e6 3. d4 cxd4 4. Nxd4 a6 5. Be2 Nf6 6. Nc3 Qc7 7. O-O Nc6 8.
Kh1 Bb4 9. Nxc6 Qxc6 10. f3 O-O 11. Bd2 Ba5 12. Qe1 Bc7 13. Rd1 d5 14. Bg5 Be5
15. Bxf6 Bxf6 16. exd5 exd5 17. Nxd5 Bf5 18. Nxf6+ Qxf6 19. c3 Rfd8 20. Qf2
1/2-1/2

[Event "26th WSCC 2016 Open 65+"]
[Site "Marianske Lazne, Czech Republic - Hotel Cristal and Continental"]
[Date "2016.11.24"]
[Round "6.120"]
[White "Mohammadian, Mohammad"]
[Black "Pihlajamaki, Antti"]
[Result "1-0"]
[WhiteElo "1683"]
[BlackElo "1848"]
[PlyCount "73"]
[EventDate "2016.11.19"]

1. e4 c6 2. d4 d5 3. Nd2 dxe4 4. Nxe4 Nf6 5. Nxf6+ exf6 6. Nf3 Bd6 7. Be2 O-O
8. O-O Qc7 9. Re1 Bg4 10. h3 Bh5 11. a3 a5 12. a4 Re8 13. Be3 Nd7 14. Qd2 f5
15. Qd1 Nf6 16. c4 Rad8 17. Qc2 Bb4 18. Red1 f4 19. Bc1 Re4 20. b3 Rde8 21. Bd3
Bxf3 22. gxf3 Re1+ 23. Rxe1 Rxe1+ 24. Kg2 Qe7 25. Bb2 Rxa1 $11 26. Bxa1 g6 27.
Be4 Nh5 28. d5 f6 29. dxc6 bxc6 30. Bxc6 Qe1 31. Bd4 Ng3 32. Bd5+ Kf8 33. fxg3
Qxg3+ 34. Kh1 Qxh3+ 35. Kg1 Qg3+ 36. Qg2 Qe1+ 37. Kh2 1-0

[Event "26th WSCC 2016 Open 65+"]
[Site "Marianske Lazne, Czech Republic - Hotel Cristal and Continental"]
[Date "2016.11.24"]
[Round "6.122"]
[White "Marshall, Michael"]
[Black "Klus, Jan"]
[Result "1/2-1/2"]
[WhiteElo "1841"]
[BlackElo "1694"]
[PlyCount "62"]
[EventDate "2016.11.19"]

1. c4 e5 2. g3 Nf6 3. Bg2 c6 4. d4 exd4 5. Qxd4 Be7 6. Nc3 O-O 7. Nf3 c5 8. Qd3
Nc6 9. O-O Nb4 10. Qd1 d6 11. a3 Nc6 12. b3 Rb8 13. Bb2 a6 14. Qd2 Bg4 15. e3
Re8 16. h3 Bd7 17. Rfe1 b5 18. cxb5 axb5 19. Ne2 Bf8 20. Nf4 h6 21. Bxf6 Qxf6
22. Nd5 Qd8 23. Kh2 Ne5 24. Nxe5 dxe5 25. e4 Be6 26. Red1 Qc8 27. Qb2 f6 28.
Bf1 Rd8 29. Ne3 Rxd1 30. Rxd1 Qc6 31. Nd5 Qb7 1/2-1/2

[Event "26th WSCC 2016 Open 65+"]
[Site "Marianske Lazne, Czech Republic - Hotel Cristal and Continental"]
[Date "2016.11.24"]
[Round "6.123"]
[White "Glacner, Karel"]
[Black "Weyand, Fernand"]
[Result "1-0"]
[WhiteElo "1629"]
[BlackElo "1816"]
[PlyCount "71"]
[EventDate "2016.11.19"]

1. Nf3 Nf6 2. g3 c5 3. Bg2 Nc6 4. O-O d5 5. d4 e6 6. Nc3 Be7 7. Bf4 a6 8. Be3
cxd4 9. Nxd4 Bd7 10. a3 Rc8 11. Nxc6 Rxc6 12. Bd4 O-O 13. Rc1 Qb8 14. e4 dxe4
15. Nxe4 e5 16. Nxf6+ Rxf6 17. Bc3 Bc6 18. Qh5 Bxg2 19. Kxg2 Re6 20. Rce1 Bf6
21. Qg4 Rfe8 22. Re4 Qd6 23. Rd1 Qc6 24. Kg1 g6 25. Rc4 Qb6 26. Qe4 Qa7 27. Bb4
b6 28. a4 Bg7 29. a5 b5 30. Rc3 f5 31. Qd5 Qa8 32. Qxa8 Rxa8 33. Rc7 e4 34.
Rdd7 Bxb2 35. c3 e3 36. Rg7+ 1-0

[Event "26th WSCC 2016 Open 65+"]
[Site "Marianske Lazne, Czech Republic - Hotel Cristal and Continental"]
[Date "2016.11.24"]
[Round "6.125"]
[White "Schramek, Kurt"]
[Black "Maman, Emanuel"]
[Result "0-1"]
[WhiteElo "1602"]
[BlackElo "1800"]
[PlyCount "107"]
[EventDate "2016.11.19"]

1. d4 Nf6 2. Bf4 d5 3. Nf3 Nc6 4. e3 g6 5. Nc3 a6 6. Be2 Bg7 7. O-O Nh5 8. Bg5
f6 9. Bh4 f5 10. Ne5 Nf6 11. f4 Qd6 12. a3 O-O 13. Na2 b5 14. Be1 Bb7 15. Nb4
Nd8 16. Nbd3 c6 17. Bb4 Qc7 18. Nc5 a5 19. Be1 Bc8 20. c3 Ne6 21. Nxe6 Bxe6 22.
a4 Rab8 23. Bd2 Ne4 24. b4 bxa4 25. Rxa4 axb4 26. cxb4 Ra8 27. Be1 Qb7 28. Qc2
Bxe5 29. fxe5 Rxa4 30. Qxa4 Ra8 31. Qc2 Ra3 32. Bf2 Bd7 33. Rb1 Qa7 34. g3 g5
35. b5 cxb5 36. Bxb5 Ra2 37. Rb2 Rxb2 38. Qxb2 Qb7 39. Qe2 Qxb5 40. Qxb5 Bxb5
41. Be1 Kf7 42. Kg2 Kg6 43. Bb4 e6 44. Be7 Be2 45. Bd8 Nc3 46. Ba5 Nd1 47. Bd2
h5 48. Bc1 Kf7 49. Bd2 g4 50. Bc1 Ke8 51. Bd2 Kd7 52. h3 Kc6 53. hxg4 hxg4 54.
Bc1 0-1

[Event "26th WSCC 2016 Open 65+"]
[Site "Marianske Lazne, Czech Republic - Hotel Cristal and Continental"]
[Date "2016.11.24"]
[Round "6.126"]
[White "Usselman, Paul"]
[Black "Tveten, Per"]
[Result "1-0"]
[WhiteElo "1798"]
[BlackElo "1523"]
[PlyCount "101"]
[EventDate "2016.11.19"]

1. d4 d5 2. Nf3 Nf6 3. g3 Bf5 4. c4 c6 5. cxd5 cxd5 6. Bg2 e6 7. Nc3 Bb4 8.
Qa4+ Nc6 9. O-O O-O 10. Nh4 Bxc3 11. bxc3 Be4 12. f3 Bg6 13. Bg5 h6 14. Nxg6
fxg6 15. Be3 a6 16. c4 Qa5 17. Qb3 Qb4 18. Rfc1 Qxb3 19. axb3 g5 20. h3 Rac8
21. Bf2 Rfe8 22. e4 dxe4 23. fxe4 e5 24. d5 Nd4 25. Bxd4 exd4 26. Re1 Nh5 27.
Kh2 Re5 28. Rad1 Nf6 29. Rxd4 b5 30. Ra1 bxc4 31. bxc4 Rce8 32. Rxa6 Nxe4 33.
d6 Nc5 34. d7 Rd8 35. Ra7 Kf8 36. Bc6 Ke7 37. Kg2 Re6 38. Bb5 Rd6 39. Rxd6 Kxd6
40. Kf3 Nxd7 41. Rxd7+ Rxd7 42. Bxd7 Kxd7 43. Ke4 Kd6 44. Kd4 h5 45. g4 g6 46.
c5+ Kc6 47. Kc4 hxg4 48. hxg4 Kd7 49. Kd5 Ke7 50. c6 Kd8 51. Kd6 1-0

[Event "26th WSCC 2016 Open 65+"]
[Site "Marianske Lazne, Czech Republic - Hotel Cristal and Continental"]
[Date "2016.11.24"]
[Round "6.127"]
[White "Feco, Jan"]
[Black "Kympergr, Vojtech"]
[Result "1-0"]
[WhiteElo "1761"]
[BlackElo "1506"]
[PlyCount "71"]
[EventDate "2016.11.19"]

1. e4 e5 2. Nf3 Nc6 3. Bb5 a6 4. Bxc6 dxc6 5. O-O Bd6 6. h3 Nf6 7. d4 Qe7 8.
Re1 O-O 9. Bg5 h6 10. Bh4 Qe6 11. Bg3 Re8 12. dxe5 Nh5 13. exd6 Nxg3 14. fxg3
cxd6 15. Nc3 Qg6 16. Kh2 b5 17. Qd4 c5 18. Qd3 Bb7 19. Nd5 Rac8 20. Nh4 Qh5 21.
Qf3 Qe5 22. c3 Re6 23. Qf5 Bxd5 24. exd5 Qxf5 25. Nxf5 Rxe1 26. Rxe1 Rd8 27.
Re7 a5 28. Ra7 a4 29. Ra6 Re8 30. Nxd6 Re2 31. Nxb5 Rxb2 32. Na3 Rxa2 33. Rxa4
Kf8 34. Ra5 Ke7 35. c4 Kd6 36. Nb5+ 1-0

[Event "26th WSCC 2016 Open 65+"]
[Site "Marianske Lazne, Czech Republic - Hotel Cristal and Continental"]
[Date "2016.11.24"]
[Round "6.128"]
[White "Siewert, Wolfgang"]
[Black "Brda, Vlastimil"]
[Result "1-0"]
[WhiteElo "1753"]
[BlackElo "1234"]
[PlyCount "120"]
[EventDate "2016.11.19"]

1. g3 c6 2. Bg2 g6 3. Nf3 Bg7 4. d3 Nf6 5. Nc3 d6 6. Bd2 Nbd7 7. Rb1 O-O 8. O-O
Nc5 9. b4 Ne6 10. Qc1 Kh8 11. Bh6 Ng8 12. Bxg7+ Kxg7 13. Qb2 Nf6 14. a4 Nc7 15.
b5 Bd7 16. Nd2 Nce8 17. Nc4 Kg8 18. b6 a6 19. a5 h6 20. Qc1 Kh7 21. e4 Nh5 22.
f4 Rg8 23. Qe3 Nef6 24. h3 Qf8 25. Ne2 Qc8 26. Kh2 Ng7 27. Qf3 Ne6 28. d4 Ng7
29. Ne3 Rh8 30. c4 e6 31. e5 Nfe8 32. c5 d5 33. g4 Kg8 34. Ng3 Qd8 35. f5 exf5
36. gxf5 Kh7 37. fxg6+ fxg6 38. Ng4 Bxg4 39. Qxg4 Qe7 40. Rb3 Rg8 41. Rbf3 Qe6
42. Rf7 Qxg4 43. hxg4 Kh8 44. Rxb7 Ne6 45. Ne2 N8g7 46. Rf6 Nf8 47. Rxc6 Nfe6
48. Rd7 Rgb8 49. b7 Ra7 50. Rc8+ Kh7 51. Rxb8 h5 52. Ra8 Rxb7 53. Rxb7 Kh6 54.
Bxd5 Kg5 55. Bxe6 Nxe6 56. gxh5 Kxh5 57. Kg3 Kg5 58. Re7 Kf5 59. Rxe6 Kxe6 60.
Nf4+ Kf5 1-0

[Event "26th WSCC 2016 Open 65+"]
[Site "Marianske Lazne, Czech Republic - Hotel Cristal and Continental"]
[Date "2016.11.24"]
[Round "6.129"]
[White "Hasberger, Walter"]
[Black "Ostrowski, Michal"]
[Result "0-1"]
[WhiteElo "1739"]
[BlackElo "1223"]
[PlyCount "64"]
[EventDate "2016.11.19"]

1. e4 Nc6 2. d4 e5 3. Nf3 exd4 4. Nxd4 Ne5 5. Nc3 d6 6. f4 Ng6 7. Bc4 Nh6 8.
Qf3 a6 9. h3 Be7 10. Be3 c6 11. a4 c5 12. Nde2 Bf6 13. O-O Bd7 14. Rad1 Bc6 15.
b3 O-O 16. g4 Kh8 17. g5 Bxc3 18. Nxc3 Nf5 19. Bf2 Qe7 20. Nd5 Bxd5 21. Bxd5
Nfh4 22. Bxh4 Nxh4 23. Qg4 Ng6 24. Rde1 Rac8 25. h4 Qc7 26. f5 Ne7 27. f6 Nxd5
28. exd5 c4 29. Qxc4 Qxc4 30. bxc4 gxf6 31. Rxf6 Rcd8 32. h5 Rg8 {White Time
Zero} 0-1

[Event "26th WSCC 2016 Open 65+"]
[Site "Marianske Lazne, Czech Republic - Hotel Cristal and Continental"]
[Date "2016.11.24"]
[Round "6.130"]
[White "Benes, Karel"]
[Black "Palla, Ivan"]
[Result "1/2-1/2"]
[WhiteElo "1700"]
[BlackElo "1514"]
[PlyCount "63"]
[EventDate "2016.11.19"]

1. e4 c5 2. Nf3 Nc6 3. d4 cxd4 4. Nxd4 e6 5. Nc3 a6 6. Be3 Bb4 7. Qd2 Nf6 8. f3
d5 9. Nxc6 bxc6 10. e5 Nd7 11. a3 Qa5 12. f4 c5 13. Rb1 Bxc3 14. Qxc3 Qxc3+ 15.
bxc3 c4 16. Be2 a5 17. O-O O-O 18. Bd4 g6 19. g4 Ba6 20. Bf3 Rab8 21. f5 Rxb1
22. Rxb1 Rb8 23. Rxb8+ Nxb8 24. Kf2 Nc6 25. Ke3 g5 26. Be2 a4 27. Kf3 Nb8 28.
f6 h6 29. Kg3 Kh7 30. h3 Nd7 31. Bf1 Bc8 32. Bg2 1/2-1/2

[Event "26th WSCC 2016 Open 65+"]
[Site "Marianske Lazne, Czech Republic - Hotel Cristal and Continental"]
[Date "2016.11.24"]
[Round "6.131"]
[White "Zikavsky, Rudolf"]
[Black "Zelenka, Pavel"]
[Result "1/2-1/2"]
[WhiteElo "1632"]
[BlackElo "1563"]
[PlyCount "120"]
[EventDate "2016.11.19"]

1. d4 d5 2. c4 e6 3. Nc3 Nf6 4. Nf3 Be7 5. Qc2 c6 6. Bf4 Nbd7 7. cxd5 exd5 8.
a3 O-O 9. e3 Re8 10. b4 Nf8 11. Bd3 Ng6 12. Bg3 Bd6 13. Ne2 Qc7 14. Bxd6 Qxd6
15. Bxg6 hxg6 16. Ne5 Bf5 17. Qc5 Ne4 18. Qxd6 Nxd6 19. O-O f6 20. Nf3 Bd3 21.
Rfe1 a5 22. Nf4 Bf5 23. Nd2 axb4 24. axb4 g5 25. Nh5 Bd3 26. Ng3 f5 27. Ngf1
Ra6 28. Rxa6 Bxa6 29. Nf3 g4 30. Ne5 Nc4 31. Nd7 Rd8 32. Nc5 Ra8 33. Ra1 Kf7
34. Ra2 g5 35. f3 Nb6 36. fxg4 Bxf1 37. Rxa8 Nxa8 38. Kxf1 b6 39. Nd3 fxg4 40.
Ne5+ Ke6 41. Nxc6 Nc7 42. Ne5 Na6 43. Nd3 Kf5 44. Ke2 Ke4 45. Kd2 Nc7 46. Nf2+
Kf5 47. Kd3 b5 48. g3 Na6 49. Kc3 Nc7 50. Kd2 Ne8 51. Kd3 Nf6 52. Nd1 Ne8 53.
Nc3 Nc7 54. e4+ dxe4+ 55. Nxe4 Nd5 56. Nd6+ Ke6 57. Nxb5 Nxb4+ 58. Ke4 Nd5 59.
Kd3 Nb6 60. Ke4 Nd5 1/2-1/2

[Event "26th WSCC 2016 Open 65+"]
[Site "Marianske Lazne, Czech Republic - Hotel Cristal and Continental"]
[Date "2016.11.26"]
[Round "7.1"]
[White "Vaisser, Anatoly"]
[Black "Vasiukov, Evgeni"]
[Result "1/2-1/2"]
[WhiteElo "2505"]
[BlackElo "2405"]
[PlyCount "26"]
[EventDate "2016.11.19"]

1. d4 d5 2. c4 c6 3. cxd5 cxd5 4. Nc3 Nf6 5. Nf3 Nc6 6. Bf4 Bf5 7. e3 e6 8. Bd3
Bxd3 9. Qxd3 Bd6 10. Bg5 O-O 11. O-O h6 12. Bh4 Rc8 13. Rac1 Qe7 1/2-1/2

[Event "26th WSCC 2016 Open 65+"]
[Site "Marianske Lazne, Czech Republic - Hotel Cristal and Continental"]
[Date "2016.11.26"]
[Round "7.2"]
[White "Khanukov, Boris"]
[Black "Komljenovic, Davorin"]
[Result "0-1"]
[WhiteElo "2320"]
[BlackElo "2375"]
[PlyCount "110"]
[EventDate "2016.11.19"]

1. d4 d6 2. Nf3 g6 3. g3 Bg7 4. Bg2 Nf6 5. O-O O-O 6. c4 Nc6 7. Nc3 Bf5 8. Nh4
Bd7 9. e4 e5 10. d5 Nd4 11. h3 c5 12. Kh2 a6 13. a4 Nh5 14. Nf3 Rb8 15. a5 b5
16. axb6 Rxb6 17. Ra3 Qe7 18. Qd3 Rfb8 19. Nxd4 exd4 20. Ne2 f5 21. Nf4 Nxf4
22. Bxf4 Rxb2 23. Rxa6 Be5 24. Bxe5 Qxe5 25. Ra3 f4 26. Qf3 Rf8 27. g4 Rc2 28.
Kg1 Rxc4 29. Rb1 Kg7 30. Qd3 Rc3 31. Rxc3 dxc3 32. Rc1 Ra8 33. Rxc3 Ra1+ 34.
Bf1 Kf6 35. Rb3 Qd4 36. Qxd4+ cxd4 37. Kg2 Ba4 38. Rb7 f3+ 39. Kxf3 Rxf1 40.
Rxh7 Re1 41. h4 g5 42. hxg5+ Kxg5 43. Kg3 Rg1+ 44. Kh2 Rxg4 45. Ra7 Bc2 46. f3
Rf4 47. Rg7+ Kh6 48. Rg2 d3 49. Kg3 Rf8 50. Rd2 Kg5 51. Rh2 Bd1 52. Rf2 Be2 53.
f4+ Kf6 54. e5+ Kf5 55. e6 Rg8+ 0-1

[Event "26th WSCC 2016 Open 65+"]
[Site "Marianske Lazne, Czech Republic - Hotel Cristal and Continental"]
[Date "2016.11.26"]
[Round "7.3"]
[White "Jansa, Vlastimil"]
[Black "Kelleher, William"]
[Result "1-0"]
[WhiteElo "2418"]
[BlackElo "2292"]
[PlyCount "57"]
[EventDate "2016.11.19"]

1. e4 c5 2. Nf3 g6 3. c3 Bg7 4. d4 cxd4 5. cxd4 d5 6. e5 Nh6 7. h3 f6 8. Nc3
Nc6 9. Bb5 O-O 10. O-O Nf7 11. exf6 exf6 12. Re1 Qd6 13. Ba4 a6 14. Bb3 Be6 15.
Bf4 Qxf4 16. Rxe6 Ng5 17. Re3 Nxf3+ 18. Rxf3 Qxd4 19. Rd3 Qh4 20. Nxd5 Kh8 21.
Nc7 Rad8 22. Ne6 Rxd3 23. Qxd3 Rb8 24. Re1 Qb4 25. Re4 Ne5 26. Qd5 Qb6 27. Nxg7
Rd8 28. Qe6 Qc7 29. Qxf6 1-0

[Event "26th WSCC 2016 Open 65+"]
[Site "Marianske Lazne, Czech Republic - Hotel Cristal and Continental"]
[Date "2016.11.26"]
[Round "7.4"]
[White "Kierzek, Matthias"]
[Black "Pushkov, Nikolai"]
[Result "0-1"]
[WhiteElo "2189"]
[BlackElo "2325"]
[PlyCount "76"]
[EventDate "2016.11.19"]

1. d4 Nf6 2. c4 e6 3. Nf3 d5 4. Nc3 Bb4 5. cxd5 exd5 6. Bg5 O-O 7. e3 Nbd7 8.
Bd3 c6 9. O-O Re8 10. Qc2 h6 11. Bh4 Be7 12. Rab1 Nh5 13. Bxe7 Qxe7 14. b4 a6
15. Na4 Nhf6 16. Nc5 Ne4 17. Nxd7 Bxd7 18. Ne5 Be6 19. a4 Nd6 20. b5 cxb5 21.
axb5 Rec8 22. Qe2 a5 23. Rfc1 a4 24. Rxc8+ Nxc8 25. Bc2 a3 26. Qd3 g6 27. Nxg6
fxg6 28. Qxg6+ Kf8 29. Qxh6+ Ke8 30. Bb3 Kd7 31. e4 Nb6 32. exd5 Nxd5 33. Re1
a2 34. Bxd5 a1=Q 35. Bxe6+ Kd8 36. Qh8+ Kc7 37. Qe5+ Kb6 38. g3 Qc3 0-1

[Event "26th WSCC 2016 Open 65+"]
[Site "Marianske Lazne, Czech Republic - Hotel Cristal and Continental"]
[Date "2016.11.26"]
[Round "7.6"]
[White "Boehnisch, Manfred"]
[Black "Okhotnik, Vladimir"]
[Result "1-0"]
[WhiteElo "2297"]
[BlackElo "2434"]
[PlyCount "79"]
[EventDate "2016.11.19"]

1. e4 c5 2. Nf3 Nc6 3. Bb5 e6 4. O-O Nge7 5. Re1 a6 6. Bf1 g6 7. c3 Bg7 8. d4
cxd4 9. cxd4 d5 10. e5 O-O 11. Nc3 b5 12. Bg5 h6 13. Bf4 Bd7 14. Bd3 Qb6 15.
Ne2 Rac8 16. Qd2 Kh7 17. h4 Qa5 18. Nc3 Rc7 19. g4 Qb6 20. Ne2 Qa5 21. Nc3 Rfc8
22. h5 Qb6 23. Kg2 Kg8 24. hxg6 Nxg6 25. Bxg6 fxg6 26. Bxh6 Be8 27. Bxg7 Rxg7
28. Rh1 Rcc7 29. Rh6 Rcf7 30. Ng5 Qxd4 31. Qxd4 Nxd4 32. Rah1 Kf8 33. Rd1 Nc6
34. Nxe6+ Kg8 35. f4 d4 36. Ne4 Nxe5 37. fxe5 Bc6 38. Re1 d3 39. Kg3 Re7 40.
Nf6+ 1-0

[Event "26th WSCC 2016 Open 65+"]
[Site "Marianske Lazne, Czech Republic - Hotel Cristal and Continental"]
[Date "2016.11.26"]
[Round "7.7"]
[White "Bogdanov, Valentin"]
[Black "Gruzmann, Boris"]
[Result "1-0"]
[WhiteElo "2385"]
[BlackElo "2268"]
[PlyCount "81"]
[EventDate "2016.11.19"]

1. d4 Nf6 2. c4 g6 3. Nc3 Bg7 4. e4 d6 5. Nf3 O-O 6. Be2 Bg4 7. Be3 Nfd7 8. Qd2
e5 9. d5 a5 10. Ng1 Bxe2 11. Ngxe2 f5 12. exf5 gxf5 13. f4 Na6 14. O-O Qe8 15.
Rf3 Nac5 16. Raf1 a4 17. Qc2 c6 18. b4 axb3 19. axb3 Ne4 20. Nxe4 fxe4 21. Rg3
cxd5 22. cxd5 Rc8 23. Qb1 Qh5 24. Qb2 Qf7 25. Rd1 exf4 26. Nxf4 Kh8 27. Rxg7
Qxg7 28. Bd4 Ne5 29. Ne6 Qf6 30. Nxf8 Rxf8 31. Qe2 Qg6 32. Re1 Rf4 33. Qe3 Qf6
34. Qc3 Kg7 35. h3 Kf7 36. Qc7+ Qe7 37. Qc8 Nd3 38. Re3 Ne5 39. Rc3 Kg6 40. Rc7
Qf6 41. Qg8+ 1-0

[Event "26th WSCC 2016 Open 65+"]
[Site "Marianske Lazne, Czech Republic - Hotel Cristal and Continental"]
[Date "2016.11.26"]
[Round "7.9"]
[White "Shvedchikov, Anatoli I"]
[Black "Birnboim, Nathan"]
[Result "1/2-1/2"]
[WhiteElo "2281"]
[BlackElo "2365"]
[PlyCount "64"]
[EventDate "2016.11.19"]

1. c4 e5 2. Nc3 Nf6 3. Nf3 Nc6 4. e3 Bb4 5. Qc2 O-O 6. Nd5 Re8 7. Bd3 h6 8. a3
Bd6 9. Nxf6+ Qxf6 10. Be4 a5 11. b3 Qe7 12. Bb2 Nd4 13. exd4 exd4 14. d3 f5 15.
O-O fxe4 16. Nxd4 exd3 17. Qxd3 Qe5 18. g3 b5 19. Nxb5 Qh5 20. Nxd6 cxd6 21.
Qd4 Qf7 22. Rae1 Bb7 23. f4 a4 24. b4 Rac8 25. Bc3 Re6 26. Rxe6 dxe6 27. c5
dxc5 28. bxc5 Qe7 29. Re1 Qxc5 30. Qxc5 Rxc5 31. Re3 Kf7 32. Kf2 g6 1/2-1/2

[Event "26th WSCC 2016 Open 65+"]
[Site "Marianske Lazne, Czech Republic - Hotel Cristal and Continental"]
[Date "2016.11.26"]
[Round "7.10"]
[White "Harandi, Khosro"]
[Black "Ruckschloss, Karol"]
[Result "1-0"]
[WhiteElo "2354"]
[BlackElo "2255"]
[PlyCount "79"]
[EventDate "2016.11.19"]

1. e4 g6 2. d4 d6 3. Nc3 Bg7 4. f4 c6 5. Nf3 b5 6. Bd3 b4 7. Ne2 a5 8. O-O Nf6
9. a3 Na6 10. Bd2 c5 11. axb4 axb4 12. e5 Nd7 13. e6 fxe6 14. Ng5 Ndb8 15. Nxh7
Kd7 16. Ng5 Qg8 17. dxc5 Bxb2 18. Ra2 Qg7 19. cxd6 Bd4+ 20. Nxd4 Qxd4+ 21. Kh1
exd6 22. Qe2 Qf6 23. Bxb4 Bb7 24. Bb5+ Ke7 25. Bc3 Qxc3 26. Qxe6+ Kd8 27. Nf7+
Kc7 28. Qxd6+ Kc8 29. Nxh8 Qxh8 30. Qe6+ Kc7 31. Rd1 Qf8 32. Qe5+ Kc8 33. Be2
Bc6 34. Bg4+ Bd7 35. Qc3+ Kd8 36. Qd4 Qf7 37. Ra3 Kc8 38. Bf3 Nc6 39. Bxc6 Bxc6
40. Qd8+ 1-0

[Event "26th WSCC 2016 Open 65+"]
[Site "Marianske Lazne, Czech Republic - Hotel Cristal and Continental"]
[Date "2016.11.26"]
[Round "7.11"]
[White "Frick, Christoph"]
[Black "Renman, Nils-Gustaf"]
[Result "0-1"]
[WhiteElo "2275"]
[BlackElo "2352"]
[PlyCount "114"]
[EventDate "2016.11.19"]

1. d4 d5 2. Bf4 c5 3. e3 Nc6 4. c3 Nf6 5. Nd2 Bf5 6. Qb3 Qd7 7. dxc5 e5 8. Bg3
Bxc5 9. Ngf3 Qe7 10. Bb5 Bd6 11. O-O O-O 12. Rfe1 Rfd8 13. a4 a6 14. Be2 Rac8
15. a5 h6 16. Ra4 Bd7 17. Raa1 Bg4 18. Qa4 Bh5 19. Nh4 Bxe2 20. Nf5 Qe6 21.
Nxd6 Qxd6 22. Rxe2 Nd7 23. Qg4 Nc5 24. Nf3 f6 25. Nd4 Ne7 26. Nf5 Nxf5 27. Qxf5
Qd7 28. Qxd7 Rxd7 29. Ra3 Kf7 30. Rd2 Ne4 31. Rd1 Ke6 32. f3 Nd6 33. Bf2 h5 34.
Kf1 Nc4 35. Ra2 Rc5 36. b4 Rc6 37. Ke2 Nd6 38. Be1 Nb5 39. Rc1 Rdc7 40. Rac2
Rc4 41. Kd3 e4+ 42. Kd2 g5 43. Kd1 Rc8 44. Kd2 f5 45. Bf2 h4 46. h3 R4c7 47.
Bg1 Kf6 48. Bh2 Rc6 49. Bg1 Na3 50. Ra2 Nc4+ 51. Ke2 Ne5 52. fxe4 dxe4 53. Bh2
Nd3 54. Rb1 Rxc3 55. Rd2 Rc1 56. Rd1 R8c2+ 57. Kf1 Rf2+ 0-1

[Event "26th WSCC 2016 Open 65+"]
[Site "Marianske Lazne, Czech Republic - Hotel Cristal and Continental"]
[Date "2016.11.26"]
[Round "7.12"]
[White "Plachetka, Jan"]
[Black "Huelsmann, Josef"]
[Result "1-0"]
[WhiteElo "2348"]
[BlackElo "2219"]
[PlyCount "45"]
[EventDate "2016.11.19"]

1. d4 d5 2. c4 e6 3. Nf3 Nf6 4. Bg5 Be7 5. e3 Ne4 6. Bxe7 Qxe7 7. Nbd2 f5 8.
Bd3 O-O 9. O-O b6 10. Rc1 Bb7 11. Ne5 Nxd2 12. Qxd2 Nd7 13. Nxd7 Qxd7 14. c5 a5
15. Rc3 b5 16. c6 Bxc6 17. Rfc1 Ra6 18. Qc2 Ba8 19. Rxc7 Qe8 20. Qc5 Qd8 21.
Bxb5 Rd6 22. f4 h6 23. Ra7 1-0